Isla Calero : (Record no. 170)

MARC details
000 -LEADER
campo de control de longitud fija 01188nam a22002895i 4500
001 - NÚMERO DE CONTROL
campo de control 17910707
003 - IDENTIFICADOR DE NÚMERO DE CONTROL
campo de control ZMCNVGJHT
005 - FECHA Y HORA DE LA ÚLTIMA TRANSACCIÓN
campo de control 20220326193253.0
008 - DATOS DE LONGITUD FIJA--INFORMACIÓN GENERAL
campo de control de longitud fija 131011s2012 cr 000 0 spa
020 ## - NÚMERO INTERNACIONAL ESTÁNDAR DEL LIBRO
Número Internacional Estándar del Libro 9789968681056
035 ## - NÚMERO DE CONTROL DEL SISTEMA
Número de control de sistema (NcChVT)VT132CR078
040 ## - FUENTE DE CATALOGACIÓN
Centro catalogador/agencia de origen DLC
Lengua de catalogación eng
Centro/agencia transcriptor DLC
Normas de descripción rda
082 ## - NÚMERO DE LA CLASIFICACIÓN DECIMAL DEWEY
Número de clasificación 327.728.607.285
Número de ítem D633i
100 1# - ENTRADA PRINCIPAL--NOMBRE DE PERSONA
Nombre de persona Dobles, Ignacio.
9 (RLIN) 818
245 10 - MENCIÓN DEL TÍTULO
Título Isla Calero :
Resto del título nacionalismo, conflicto, discursos /
Mención de responsabilidad, etc. Ignacio Dobles ... [et al.].
250 ## - MENCION DE EDICION
Mención de edición 1a ed.
264 #1 - PRODUCCIÓN, PUBLICACIÓN, DISTRIBUCIÓN, FABRICACIÓN Y COPYRIGHT
Producción, publicación, distribución, fabricación y copyright San José :
Nombre del de productor, editor, distribuidor, fabricante Editorial Arlekín,
Fecha de producción, publicación, distribución, fabricación o copyright 2012.
300 ## - DESCRIPCIÓN FÍSICA
Extensión 125 pages ;
Dimensiones 21 cm.
Otras características físicas ill (col)
336 ## - TIPO DE CONTENIDO
Término de tipo de contenido text
Fuente rdacontent
337 ## - TIPO DE MEDIO
Nombre/término del tipo de medio unmediated
Fuente rdamedia
338 ## - TIPO DE SOPORTE
Nombre/término del tipo de soporte volume
Fuente rdacarrier
490 0# - MENCIÓN DE SERIE
Mención de serie Colección Apócrifos Auténticos
520 ## - RESUMEN, ETC.
Sumario, etc. The history and current dispute over Calero Island on the San Juan estuary between Costa Rica and Nicaragua. The book traces the history of the dispute, recent cases and conflict, and assesses growing nationalism exacerbating tensions.
650 ## - PUNTO DE ACCESO ADICIONAL DE MATERIA--TÉRMINO DE MATERIA
Subdivisión general Costa Rica-relaciones exteriores-Nicaragua
Subdivisión cronológica Costa Rica-limites-Nicaragua
Subdivisión geográfica Isla Calero
-- Rio San Juan
9 (RLIN) 826
906 ## - ELEMENTOS DE DATOS F LOCAL, LDF (RLIN)
a 0
b ibc
c origres
d u
e ncip
f 20
g y-gencatlg
Holdings
Estatus retirado Estado de pérdida Fuente del sistema de clasificación o colocación Estado de daño No para préstamo Biblioteca de origen Biblioteca actual Ubicación en estantería Fecha de adquisición Total de préstamos Signatura topográfica completa Código de barras Visto por última vez Precio de reemplazo Tipo de ítem Koha
    Clasificación Decimal Dewey     Biblioteca LadoV Biblioteca LadoV   23/05/2014   327.728.607.285 D633i 000137 23/05/2014 23/05/2014 Material 01